[Event "C.to Provinciale TE"]
[Site "Teramo ITA"]
[Date "2010.01.23"]
[Round "1"]
[White "Bovenzi, Piero"]
[Black "Di Martino, Antonio"]
[Result "0-1"]
[WhiteElo "1410"]
[BlackElo "1886"]
[PlyCount "114"]
[EventDate "2010.01.23"]

1. e4 e6 2. Nc3 d5 3. exd5 exd5 4. d4 c6 5. Nf3 Bd6 6. Be3 Bf5 7. Bd3 Ne7 8.
Qe2 O-O 9. O-O Nd7 10. Bg5 f6 11. Bxf5 Nxf5 12. Qe6+ Kh8 13. Qxf5 fxg5 14. Qxg5
Be7 15. Qg3 Bf6 16. Ne5 Bxe5 17. dxe5 Re8 18. Rfe1 Qb6 19. Na4 Qb4 20. e6 Nf6
21. Qb3 Qxb3 22. axb3 Re7 23. Nc5 a5 24. b4 b6 25. Nd7 Rae8 26. Nxb6 axb4 27.
Ra4 c5 28. Ra5 Rxe6 29. Rxe6 Rxe6 30. Kf1 Rxb6 31. Rxc5 Kg8 32. Ke2 Kf7 33. h3
Rb7 34. Kd3 Ke7 35. Ra5 Kd6 36. g4 h6 37. f4 Ne4 38. Kd4 Nf2 39. Rxd5+ Ke6 40.
Re5+ Kf6 41. Re3 Rc7 42. c4 bxc3 43. bxc3 Rd7+ 44. Kc4 Re7 45. Rf3 Ne4 46. Re3
Nd6+ 47. Kd3 Rc7 48. f5 Kg5 49. Ke2 Kh4 50. Kf2 Rxc3 51. Rxc3 Ne4+ 52. Kf3 Nxc3
53. Kf4 Nd5+ 54. Ke5 Nf6 55. Ke6 Kxh3 56. Kf7 Ne8 57. f6 gxf6 0-1

[Event "C.to Provinciale TE"]
[Site "Teramo ITA"]
[Date "2010.01.23"]
[Round "1"]
[White "Di Biagio, Angelo"]
[Black "Lauria, Amilcare"]
[Result "1/2-1/2"]
[WhiteElo "1784"]
[BlackElo "2131"]
[PlyCount "43"]
[EventDate "2010.01.23"]

1. d4 Nf6 2. c4 e6 3. Nc3 d5 4. cxd5 exd5 5. Bf4 c6 6. Nf3 Be7 7. e3 O-O 8. Bd3
Nbd7 9. O-O Re8 10. Rc1 Nf8 11. h3 Ng6 12. Bh2 Bd6 13. Bxd6 Qxd6 14. a3 Bd7 15.
Qc2 Re7 16. Ne2 Ne4 17. Bxe4 dxe4 18. Nd2 Rae8 19. Qc5 Qb8 20. Ng3 b6 21. Qh5
c5 22. dxc5 1/2-1/2

[Event "C.to Provinciale TE"]
[Site "Teramo ITA"]
[Date "2010.01.23"]
[Round "1"]
[White "Di Donatantonio, Franco"]
[Black "Piantieri, Guido"]
[Result "1-0"]
[WhiteElo "2143"]
[BlackElo "1845"]
[PlyCount "53"]
[EventDate "2010.01.23"]

1. d3 e5 2. e4 Nf6 3. Nf3 Nc6 4. Be2 Be7 5. O-O O-O 6. Nbd2 d5 7. c3 Be6 8. Qc2
Nd7 9. Re1 f5 10. b4 fxe4 11. dxe4 Bd6 12. exd5 Bxd5 13. Bc4 Ne7 14. Ng5 Nf6
15. Bxd5+ Nexd5 16. Ne6 Qd7 17. Nxf8 Rxf8 18. Ne4 Qf5 19. Nxf6+ Qxf6 20. Be3
Kh8 21. Rad1 c6 22. a3 e4 23. Bd4 Qh6 24. g3 Nf4 25. Qxe4 Nh3+ 26. Kg2 Ng5 27.
Qg4 1-0

[Event "C.to Provinciale TE"]
[Site "Teramo ITA"]
[Date "2010.01.23"]
[Round "1"]
[White "Di Sabatino, Stefano"]
[Black "Pescatore, Lorenzo"]
[Result "0-1"]
[WhiteElo "1551"]
[BlackElo "1917"]
[PlyCount "84"]
[EventDate "2010.01.23"]

1. d4 Nf6 2. Nf3 e6 3. e3 c5 4. c4 b6 5. Nc3 Bb7 6. Be2 Be7 7. O-O O-O 8. d5 d6
9. e4 e5 10. h3 Nbd7 11. Nh2 Ne8 12. f4 exf4 13. Bxf4 g5 14. Bg3 Bf6 15. Nf3
Qe7 16. Qc2 Ng7 17. Bd3 Ne5 18. Nxe5 Bxe5 19. Bxe5 Qxe5 20. Ne2 Rae8 21. Rf2
Bc8 22. Raf1 f6 23. Rf3 Re7 24. Qc3 Ref7 25. Qxe5 fxe5 26. Rxf7 Rxf7 27. Rxf7
Kxf7 28. Nc3 Bd7 29. a3 Nh5 30. b4 Nf4 31. Bc2 Kf6 32. Kf2 h5 33. Ne2 h4 34.
Kf3 g4+ 35. hxg4 Kg5 36. Nxf4 Bxg4+ 37. Kf2 exf4 38. bxc5 bxc5 39. Ba4 Kf6 40.
Be8 Ke5 41. Bg6 Kd4 42. a4 Kxc4 0-1

[Event "C.to Provinciale TE"]
[Site "Teramo ITA"]
[Date "2010.01.23"]
[Round "1"]
[White "Martella, Antonio"]
[Black "Procaccini, Luciano"]
[Result "1-0"]
[WhiteElo "1945"]
[BlackElo "1637"]
[PlyCount "137"]
[EventDate "2010.01.23"]

1. d4 d5 2. Nf3 e6 3. c4 c6 4. Nc3 f5 5. Bf4 Nf6 6. e3 Be7 7. Rc1 O-O 8. Bd3
Ne4 9. O-O Nd7 10. cxd5 exd5 11. Ne5 Nxe5 12. Bxe5 Qe8 13. f4 Qg6 14. Qe1 Qh6
15. Rf3 Bh4 16. Qe2 Qh5 17. Bxe4 fxe4 18. Rg3 Qxe2 19. Rxg7+ Kh8 20. Nxe2 Bf6
21. Bxf6 Rxf6 22. Re7 Bg4 23. Ng3 Rb8 24. Rc3 Kg8 25. Rb3 Bc8 26. Ne2 h5 27. h4
Rg6 28. Kf2 a6 29. Rb6 Ra8 30. Nc3 Rg7 31. Rxg7+ Kxg7 32. Na4 Kg6 33. Nc5 Ra7
34. a4 a5 35. Kg3 Kf5 36. Rb3 Kg6 37. Rb6 Kf5 38. Nb3 Kg6 39. Nc1 Bf5 40. Na2
Bc8 41. Nc3 Kf5 42. Nd1 Kg6 43. Nf2 Ra8 44. Nh3 Rb8 45. Ng5 Bg4 46. b4 axb4 47.
Rxb4 Bc8 48. Nh3 Ra8 49. Ng1 Ra7 50. Ne2 Bg4 51. Nc3 Kf6 52. Rb1 Ke6 53. Kf2
Kd6 54. Ke1 Kc7 55. Kd2 Ra8 56. Rc1 Kb6 57. Rb1+ Kc7 58. Rf1 Rg8 59. Rf2 Bf5
60. Ne2 Kd6 61. Ke1 Ke6 62. Kf1 Ra8 63. Nc3 Bg4 64. Rb2 Ra7 65. Rb6 Kd7 66. Kf2
Kc7 67. Rb1 Ra6 68. Rc1 Rb6 69. Nxd5+ 1-0

[Event "C.to Provinciale TE"]
[Site "Teramo ITA"]
[Date "2010.01.23"]
[Round "1"]
[White "Melasecchi, Paolo"]
[Black "Antonelli, Alessandro"]
[Result "0-1"]
[WhiteElo "1651"]
[BlackElo "1971"]
[PlyCount "76"]
[EventDate "2010.01.23"]

1. e4 d5 2. exd5 Qxd5 3. Nf3 Nf6 4. Nc3 Qa5 5. Be2 Bf5 6. O-O e6 7. d4 c6 8.
Bf4 Nbd7 9. a3 Be7 10. b4 Qd8 11. Re1 O-O 12. Nh4 Bg6 13. Nxg6 hxg6 14. Bd3 Nd5
15. Nxd5 cxd5 16. Qe2 Nb6 17. Bg3 Rc8 18. Qg4 Bf6 19. h4 Nc4 20. h5 g5 21. Re2
Nb2 22. Bg6 Qe8 23. Bd6 fxg6 24. Rxe6 gxh5 25. Qe2 Qf7 26. Bxf8 Rxf8 27. c3 Nc4
28. a4 g4 29. b5 Bh4 30. g3 Bg5 31. Ra2 Nd2 32. Rxd2 Bxd2 33. Re7 Qf6 34. Rxb7
Bxc3 35. Rxa7 Bxd4 36. Ra6 Qxf2+ 37. Qxf2 Rxf2 38. a5 Rb2+ 0-1

[Event "C.to Provinciale TE"]
[Site "Teramo ITA"]
[Date "2010.01.23"]
[Round "1"]
[White "Sabatini, Claudio"]
[Black "Spada, Angelo"]
[Result "0-1"]
[WhiteElo "1710"]
[BlackElo "2060"]
[PlyCount "24"]
[EventDate "2010.01.23"]

1. d4 f5 2. Nf3 Nf6 3. e3 d5 4. b3 c6 5. Bb2 e6 6. Bd3 Bd6 7. O-O Nbd7 8. Nbd2
O-O 9. c4 Ne4 10. Ne5 Qa5 11. f4 Qxd2 12. Qb1 Qxe3+ 0-1

[Event "C.to Provinciale TE"]
[Site "Teramo ITA"]
[Date "2010.01.23"]
[Round "1"]
[White "Sbraccia, Giovanni"]
[Black "Barnabei, Stefano"]
[Result "1-0"]
[WhiteElo "2083"]
[BlackElo "1743"]
[PlyCount "107"]
[EventDate "2010.01.23"]

1. d4 d5 2. Bf4 Nf6 3. Nf3 e6 4. e3 Bd6 5. Ne5 Nbd7 6. Bd3 h6 7. O-O O-O 8. Nd2
Qe7 9. c3 c6 10. Qe2 Re8 11. Rfe1 Nf8 12. Rad1 N6h7 13. Qg4 f5 14. Qg3 Bxe5 15.
Bxe5 Qg5 16. f3 Qxg3 17. Bxg3 Nf6 18. e4 Bd7 19. Re2 Ng6 20. Rde1 Kf7 21. exf5
exf5 22. Nf1 Nh5 23. Rxe8 Rxe8 24. Rxe8 Kxe8 25. Bb8 a6 26. Ne3 Ne7 27. g3 g6
28. Kf2 Kf7 29. c4 Nf6 30. b3 h5 31. h4 Ke6 32. Ng2 Kf7 33. Nf4 Bc8 34. Bd6
Nfg8 35. Ke3 Bd7 36. Be2 Bc8 37. Nd3 Ke6 38. Bf4 Nf6 39. Bg5 Kf7 40. Kf4 Ke6
41. Nc5+ Kf7 42. Ke5 Ne8 43. Bxe7 Kxe7 44. cxd5 cxd5 45. Kxd5 Nc7+ 46. Ke5 b6
47. Na4 b5 48. Nc5 Ne6 49. Nxe6 Bxe6 50. d5 Bd7 51. f4 a5 52. d6+ Kf7 53. Bf3
a4 54. Bd5+ 1-0

[Event "C.to Provinciale TE"]
[Site "Teramo ITA"]
[Date "2010.01.23"]
[Round "2"]
[White "Antonelli, Alessandro"]
[Black "Viviani, Alessio"]
[Result "1/2-1/2"]
[WhiteElo "1971"]
[BlackElo "1899"]
[PlyCount "72"]
[EventDate "2010.01.23"]

1. e4 d6 2. d4 g6 3. Nc3 Bg7 4. Be3 a6 5. Qd2 b5 6. Bd3 Nd7 7. f3 Bb7 8. Nh3
Ngf6 9. Bh6 O-O 10. Bxg7 Kxg7 11. O-O c5 12. dxc5 Nxc5 13. Be2 Qb6 14. Kh1 b4
15. Nd1 Rac8 16. Ne3 Ncd7 17. Nc4 Qc5 18. Bd3 Ne5 19. Nxe5 dxe5 20. Qf2 Rfd8
21. Qxc5 Rxc5 22. Nf2 Nh5 23. g3 f5 24. Kg2 e6 25. a3 Rd4 26. axb4 Rxb4 27. b3
Nf6 28. Rfe1 fxe4 29. Nxe4 Nxe4 30. fxe4 Rd4 31. Re2 a5 32. Kf3 g5 33. Ke3 g4
34. Rf1 Rc3 35. Kd2 Rc7 36. Ra1 Rc3 1/2-1/2

[Event "C.to Provinciale TE"]
[Site "Teramo ITA"]
[Date "2010.01.23"]
[Round "2"]
[White "Barnabei, Stefano"]
[Black "Di Sabatino, Stefano"]
[Result "1-0"]
[WhiteElo "1743"]
[BlackElo "1551"]
[PlyCount "79"]
[EventDate "2010.01.23"]

1. e4 c5 2. Nf3 Nc6 3. d4 cxd4 4. Nxd4 Nxd4 5. Qxd4 e6 6. Nc3 a6 7. Bc4 d6 8.
O-O Nf6 9. Bg5 Be7 10. Rad1 O-O 11. Bxf6 gxf6 12. f4 Bd7 13. Qd3 Rc8 14. Rf3 b5
15. Bb3 b4 16. Ne2 Bb5 17. Qd2 Bxe2 18. Qxe2 Qb6+ 19. Kh1 Kh8 20. f5 Qc6 21.
Rh3 Rg8 22. fxe6 fxe6 23. Bxe6 Qxc2 24. Qxc2 Rxc2 25. Bxg8 Kxg8 26. Rb3 a5 27.
Re1 Kf7 28. g3 Ke6 29. a3 Bd8 30. axb4 axb4 31. Ra1 Bb6 32. Rxb4 Bc5 33. Rb7 h6
34. b4 Rb2 35. b5 Re2 36. Ra4 d5 37. exd5+ Kxd5 38. Rh7 Be3 39. Rb4 Kc5 40. Rb1
1-0

[Event "C.to Provinciale TE"]
[Site "Teramo ITA"]
[Date "2010.01.23"]
[Round "2"]
[White "Coccagna, Marcello"]
[Black "Di Matteo, Giovanni"]
[Result "0-1"]
[WhiteElo "1383"]
[BlackElo "2002"]
[PlyCount "68"]
[EventDate "2010.01.23"]

1. d4 c6 2. Nf3 d5 3. c4 Nf6 4. e3 Bf5 5. h3 e6 6. Bd3 Bg6 7. Bxg6 hxg6 8. c5
Nbd7 9. Nc3 Qc7 10. Ne2 e5 11. dxe5 Nxe5 12. Nf4 Nxf3+ 13. Qxf3 Bxc5 14. O-O g5
15. Nd3 g4 16. Qg3 Qxg3 17. fxg3 Bd6 18. Nf4 Bxf4 19. exf4 gxh3 20. gxh3 Rxh3
21. Kg2 Rh8 22. Be3 b6 23. Bd4 Ne4 24. Be5 f6 25. Bc3 Nxc3 26. bxc3 Kf7 27. f5
Rhe8 28. Kf3 Re5 29. g4 Rae8 30. Rf2 Re3+ 31. Kg2 Rxc3 32. Rh1 d4 33. Rh7 Kg8
34. Rh4 Re4 0-1

[Event "C.to Provinciale TE"]
[Site "Teramo ITA"]
[Date "2010.01.23"]
[Round "2"]
[White "Di Giacobbe, Matteo"]
[Black "Bovenzi, Piero"]
[Result "1-0"]
[WhiteElo "1701"]
[BlackElo "1410"]
[PlyCount "63"]
[EventDate "2010.01.23"]

1. e4 g6 2. d4 Bg7 3. c3 c6 4. Nf3 d5 5. Nbd2 Nd7 6. Be2 Nb6 7. O-O Nf6 8. Qc2
O-O 9. b3 Bg4 10. Bb2 Rc8 11. c4 dxe4 12. Nxe4 Bf5 13. Nxf6+ Bxf6 14. Qd2 e6
15. Rfd1 Qe7 16. Bc3 Rfd8 17. Qb2 Kg7 18. Rd2 Rd7 19. Rad1 Rcd8 20. a4 Nc8 21.
b4 Nd6 22. Ne5 Ne4 23. Nxd7 Nxc3 24. Qxc3 Rxd7 25. g4 Rd8 26. gxf5 gxf5 27. Kh1
Kf8 28. Bf3 h6 29. Bg2 Ke8 30. Qb3 Qc7 31. b5 cxb5 32. Qxb5+ 1-0

[Event "C.to Provinciale TE"]
[Site "Teramo ITA"]
[Date "2010.01.23"]
[Round "2"]
[White "Di Martino, Antonio"]
[Black "Sbraccia, Giovanni"]
[Result "0-1"]
[WhiteElo "1886"]
[BlackElo "2083"]
[PlyCount "86"]
[EventDate "2010.01.23"]

1. e4 c6 2. d4 d5 3. Nc3 dxe4 4. Nxe4 Nf6 5. Nxf6+ gxf6 6. Be3 Bf5 7. Bd3 Na6
8. Nf3 e6 9. a3 Bd6 10. Nh4 Bxd3 11. Qxd3 Qa5+ 12. Qd2 Qh5 13. g3 O-O-O 14. Qe2
Qa5+ 15. c3 Nc7 16. O-O-O Bxa3 17. bxa3 Qxc3+ 18. Kb1 Rd5 19. Bc1 Rb5+ 20. Bb2
Rb6 21. Ka1 Qa5 22. Rd3 Rd8 23. Nf3 Rd5 24. Nd2 Qa6 25. Rc1 Rb4 26. Ne4 Ra5 27.
Qe3 Nd5 28. Qf3 f5 29. Nc5 Qb6 30. Rb3 Rxb3 31. Qxb3 Rxc5 32. Qxb6 Rxc1+ 33.
Bxc1 Nxb6 34. Kb2 Kd7 35. Kc3 Kd6 36. Kd3 Kd5 37. Bg5 Nc4 38. Be7 Nd6 39. f4
Nb5 40. Bc5 b6 41. a4 bxc5 42. axb5 c4+ 43. Kc3 cxb5 0-1

[Event "C.to Provinciale TE"]
[Site "Teramo ITA"]
[Date "2010.01.23"]
[Round "2"]
[White "Pescatore, Lorenzo"]
[Black "Di Donatantonio, Franco"]
[Result "1-0"]
[WhiteElo "1917"]
[BlackElo "2143"]
[PlyCount "95"]
[EventDate "2010.01.23"]

1. e4 d6 2. d4 Nf6 3. Nc3 Nbd7 4. Nf3 e5 5. Bc4 h6 6. h3 Be7 7. Be3 O-O 8. Qd2
c6 9. a4 Qc7 10. O-O exd4 11. Nxd4 Ne5 12. Be2 Bd7 13. f4 Ng6 14. Bf3 a6 15. a5
c5 16. Nde2 Nh4 17. e5 Nxf3+ 18. Rxf3 dxe5 19. fxe5 Qxe5 20. Bf4 Qh5 21. Bd6
Bxd6 22. Qxd6 Bc6 23. Ng3 Qg6 24. Nf5 Rfe8 25. Rf2 Bxg2 26. Nh4 Qh5 27. Nxg2
Qxh3 28. Qf4 Rad8 29. Rd1 Rd4 30. Rxd4 cxd4 31. Nd5 Re6 32. Nxf6+ Rxf6 33. Qb8+
Kh7 34. Rxf6 gxf6 35. Qxb7 Qe6 36. Qb6 Qe4 37. Qxf6 Kg8 38. Qxh6 Qxc2 39. Qg5+
Kh7 40. Qh4+ Kg8 41. Qd8+ Kh7 42. Qxd4 Qc1+ 43. Kh2 Qc7+ 44. Qf4 Qxa5 45. Qxf7+
Kh6 46. Kg3 Qg5+ 47. Kf3 Qd2 48. Qf4+ 1-0

[Event "C.to Provinciale TE"]
[Site "Teramo ITA"]
[Date "2010.01.23"]
[Round "2"]
[White "Piantieri, Guido"]
[Black "Di Biagio, Angelo"]
[Result "0-1"]
[WhiteElo "1845"]
[BlackElo "1784"]
[PlyCount "36"]
[EventDate "2010.01.23"]

1. e4 d6 2. Bc4 Nf6 3. d3 e5 4. Nf3 Bg4 5. O-O Be7 6. Be3 O-O 7. Nbd2 Nc6 8. c3
d5 9. exd5 Nxd5 10. Ne4 Nxe3 11. fxe3 Kh8 12. h3 Bh5 13. Ng3 Bg6 14. d4 e4 15.
Nd2 f5 16. Be6 Qd6 17. d5 Qxg3 18. dxc6 Bd6 0-1

[Event "C.to Provinciale TE"]
[Site "Teramo ITA"]
[Date "2010.01.23"]
[Round "2"]
[White "Procaccini, Luciano"]
[Black "Sabatini, Claudio"]
[Result "1-0"]
[WhiteElo "1637"]
[BlackElo "1710"]
[PlyCount "137"]
[EventDate "2010.01.23"]

1. c4 e5 2. Nc3 Nc6 3. g3 Nf6 4. Bg2 Be7 5. d3 d6 6. Nf3 O-O 7. O-O h6 8. a3
Rb8 9. b4 Bg4 10. h3 Be6 11. b5 Nd4 12. Bb2 Nxf3+ 13. exf3 Qd7 14. Kh2 c6 15.
a4 d5 16. Qb3 d4 17. Ne4 c5 18. b6 a6 19. Ba3 Nxe4 20. fxe4 f5 21. Qd1 f4 22.
Qh5 Bd6 23. a5 Kh7 24. Qe2 Qf7 25. Bf3 g6 26. Qd1 h5 27. Bc1 Kh6 28. h4 Be7 29.
Kg2 g5 30. hxg5+ Bxg5 31. Bxh5 Qf6 32. Rh1 Rh8 33. Bg4+ Kg7 34. Bxe6 f3+ 35.
Kg1 Rxh1+ 36. Kxh1 Rh8+ 37. Kg1 Qh6 38. Qxf3 Qh2+ 39. Kf1 Qh1+ 40. Qxh1 Rxh1+
41. Ke2 Rxc1 42. Rxc1 Bxc1 43. Bd5 Ba3 44. Bxb7 Bb4 45. Bxa6 Bxa5 46. b7 Bc7
47. Bb5 Kf6 48. f3 Ke7 49. Bc6 Kd6 50. Bd5 Kd7 51. Kf2 Ke7 52. Kg2 Kf6 53. g4
Bd6 54. Kh3 Kg5 55. Kg3 Kg6 56. Kf2 Kf6 57. Ke2 Ke7 58. Kd2 Kd7 59. g5 Kc7 60.
g6 Bf8 61. Kc2 Bg7 62. Kb3 Bf8 63. Ka4 Kb8 64. Kb5 Kc7 65. Ka6 Kb8 66. Kb6 Bg7
67. Kxc5 Kc7 68. Kb5 Bf6 69. Ka6 1-0

[Event "C.to Provinciale TE"]
[Site "Teramo ITA"]
[Date "2010.01.23"]
[Round "2"]
[White "Spada, Angelo"]
[Black "Martella, Antonio"]
[Result "0-1"]
[WhiteElo "2060"]
[BlackElo "1945"]
[PlyCount "99"]
[EventDate "2010.01.23"]

1. d4 d5 2. e3 Nf6 3. Bd3 Bg4 4. Nf3 c6 5. Nbd2 Nbd7 6. c4 e5 7. cxd5 cxd5 8.
dxe5 Nxe5 9. Bb5+ Ned7 10. Qb3 Bd6 11. h3 Be6 12. Ng5 O-O 13. Nxe6 fxe6 14.
Bxd7 Qxd7 15. Nf3 Ne4 16. Bd2 Nc5 17. Qa3 Qb5 18. Qc3 Nd3+ 19. Ke2 Nf4+ 20. Kd1
Qe2+ 21. Kc2 Rac8 22. exf4 Rxc3+ 23. bxc3 Qe4+ 24. Kb2 Qa4 25. Rab1 Bxf4 26.
Bxf4 Rxf4 27. Rhe1 Re4 28. Nd4 Rxd4 29. cxd4 Qxd4+ 30. Ka3 Qc3+ 31. Ka4 a6 32.
Rxe6 b5+ 33. Rxb5 axb5+ 34. Kxb5 Qc4+ 35. Kb6 Qxa2 36. Kc5 Qxf2+ 37. Kxd5 Qxg2+
38. Ke5 Kf7 39. Rb6 h5 40. Rb3 h4 41. Re3 g5 42. Kf5 g4 43. hxg4 h3 44. Kg5 Qd2
45. Kf4 h2 46. g5 h1=Q 47. g6+ Kxg6 48. Kg4 Qd4+ 49. Kg3 Qxe3+ 50. Kg4 0-1

[Event "C.to Provinciale TE"]
[Site "Teramo ITA"]
[Date "2010.01.24"]
[Round "3"]
[White "Barnabei, Stefano"]
[Black "Coccagna, Marcello"]
[Result "1-0"]
[WhiteElo "1743"]
[BlackElo "1383"]
[PlyCount "49"]
[EventDate "2010.01.23"]

1. e4 e6 2. d4 Nc6 3. Nf3 d6 4. Nc3 g6 5. Bg5 Be7 6. Bxe7 Qxe7 7. Bd3 Bd7 8.
Qd2 a6 9. h3 Nf6 10. O-O-O h6 11. d5 Ne5 12. Nxe5 dxe5 13. Rhe1 Qd6 14. Bc4 Ke7
15. Qe2 b5 16. Bb3 Qb6 17. Nb1 b4 18. Nd2 Bb5 19. Bc4 Bxc4 20. Nxc4 Qb5 21.
Nxe5 Qxe2 22. Rxe2 Kd6 23. Nxf7+ Ke7 24. Nxh8 e5 25. Nxg6+ 1-0

[Event "C.to Provinciale TE"]
[Site "Teramo ITA"]
[Date "2010.01.24"]
[Round "3"]
[White "Bovenzi, Piero"]
[Black "Piantieri, Guido"]
[Result "1/2-1/2"]
[WhiteElo "1410"]
[BlackElo "1845"]
[PlyCount "77"]
[EventDate "2010.01.23"]

1. e4 e5 2. Nf3 Nc6 3. d4 exd4 4. Bc4 d6 5. Nxd4 Nf6 6. Nc3 Be7 7. O-O O-O 8.
Be3 Bd7 9. f3 a6 10. a4 Rb8 11. Qd3 Na5 12. Qe2 c5 13. Nb3 Nxc4 14. Qxc4 b5 15.
axb5 axb5 16. Qe2 Be6 17. Nd2 b4 18. Nd1 Qc7 19. b3 Ra8 20. Nf2 Ra3 21. Nc4
Bxc4 22. Qxc4 Rfa8 23. Rac1 Nd7 24. Bf4 Bf6 25. Ng4 Bd4+ 26. Be3 Nb6 27. Qe2
Bc3 28. Rfd1 Rd8 29. Bf4 Nc8 30. Ne3 Bd4 31. Kh1 Nb6 32. Nf5 Be5 33. Nxd6 Bxf4
34. Ne8 Qe7 35. Qb5 Qh4 36. Kg1 Qxh2+ 37. Kf2 Bg3+ 38. Ke3 Bf4+ 39. Kf2 1/2-1/2

[Event "C.to Provinciale TE"]
[Site "Teramo ITA"]
[Date "2010.01.24"]
[Round "3"]
[White "Di Biagio, Angelo"]
[Black "Antonelli, Alessandro"]
[Result "0-1"]
[WhiteElo "1784"]
[BlackElo "1971"]
[PlyCount "112"]
[EventDate "2010.01.23"]

1. e4 d5 2. exd5 Qxd5 3. Nc3 Qa5 4. d4 c6 5. Bd3 Nf6 6. Nf3 Bg4 7. O-O e6 8.
Re1 Bd6 9. Bd2 Qb6 10. Ne4 Nxe4 11. Bxe4 Nd7 12. Bc3 Nf6 13. d5 Nxe4 14. Rxe4
Bxf3 15. gxf3 O-O-O 16. Qe1 exd5 17. Rg4 Rde8 18. Qd2 Qc7 19. Re1 f6 20. Rxe8+
Rxe8 21. Qd3 Bxh2+ 22. Kg2 Be5 23. Qxh7 Re7 24. Bxe5 fxe5 25. Qg8+ Qd8 26. Rxg7
Qxg8 27. Rxg8+ Kd7 28. Kf1 Rf7 29. Ke2 a6 30. Rg6 Kc7 31. c3 Kb6 32. Rg5 Re7
33. Kd3 Kc5 34. b3 a5 35. a3 b5 36. b4+ Kb6 37. Rf5 Re6 38. Rf8 a4 39. Rf7 c5
40. f4 c4+ 41. Kd2 d4 42. fxe5 dxc3+ 43. Kxc3 Rxe5 44. Rf6+ Kb7 45. Kd4 Re2 46.
Kc5 Re5+ 47. Kd4 Re1 48. Rf5 Rd1+ 49. Kc5 c3 50. Kxb5 c2 51. Rc5 c1=Q 52. Rxc1
Rxc1 53. Kxa4 Rf1 54. Ka5 Rxf2 55. a4 Rf5+ 56. b5 Rf4 0-1

[Event "C.to Provinciale TE"]
[Site "Teramo ITA"]
[Date "2010.01.24"]
[Round "3"]
[White "Di Donatantonio, Franco"]
[Black "Di Giacobbe, Matteo"]
[Result "1-0"]
[WhiteElo "2143"]
[BlackElo "1701"]
[PlyCount "55"]
[EventDate "2010.01.23"]

1. d3 d5 2. Nd2 g6 3. e4 Bg7 4. Ngf3 Nf6 5. e5 Nfd7 6. d4 c5 7. c3 Nc6 8. Bd3
O-O 9. Qe2 e6 10. b3 b6 11. h4 f6 12. exf6 Qxf6 13. Bb2 e5 14. Bb5 Re8 15. O-O
Bb7 16. dxe5 Ndxe5 17. Nxe5 Rxe5 18. Qg4 Qf5 19. Qd1 a6 20. Be2 Rd8 21. Nf3 Re7
22. Re1 Red7 23. Ng5 Rd6 24. Bg4 Qf6 25. Be6+ Kh8 26. Nf7+ Kg8 27. Nxd6+ Kf8
28. Nxb7 1-0

[Event "C.to Provinciale TE"]
[Site "Teramo ITA"]
[Date "2010.01.24"]
[Round "3"]
[White "Di Matteo, Giovanni"]
[Black "Martella, Antonio"]
[Result "1/2-1/2"]
[WhiteElo "2002"]
[BlackElo "1945"]
[PlyCount "71"]
[EventDate "2010.01.23"]

1. d4 d5 2. Nf3 Nf6 3. Bf4 c6 4. c3 Bf5 5. Nbd2 e6 6. e3 Bd6 7. Ne5 Qc7 8. Bg3
Nbd7 9. f4 O-O 10. Be2 Ne4 11. Nxe4 Bxe4 12. O-O f5 13. c4 Nf6 14. c5 Bxe5 15.
fxe5 Ne8 16. b4 a6 17. a4 g5 18. Bf3 Bxf3 19. Qxf3 Ng7 20. h4 g4 21. Qe2 Nh5
22. Bf4 Nxf4 23. exf4 Qe7 24. g3 Qd7 25. Rfb1 h5 26. Rb3 Ra7 27. Rab1 Rfa8 28.
b5 axb5 29. axb5 Ra1 30. bxc6 Rxb1+ 31. Rxb1 bxc6 32. Qb2 Qa7 33. Qb4 Qa6 34.
Qb7 Qa2 35. Rb2 Qa3 36. Qb3 1/2-1/2

[Event "C.to Provinciale TE"]
[Site "Teramo ITA"]
[Date "2010.01.24"]
[Round "3"]
[White "Melasecchi, Paolo"]
[Black "Spada, Angelo"]
[Result "0-1"]
[WhiteElo "1651"]
[BlackElo "2060"]
[PlyCount "68"]
[EventDate "2010.01.23"]

1. e4 e5 2. Nf3 Nc6 3. Bc4 Nf6 4. d3 Be7 5. O-O d6 6. h3 h6 7. Nc3 Na5 8. Qe2
Nxc4 9. dxc4 Be6 10. Nd5 Nxd5 11. cxd5 Bd7 12. b3 O-O 13. Bb2 f5 14. c4 Qe8 15.
exf5 Rxf5 16. Nd2 Qg6 17. Ne4 Raf8 18. Ng3 Rf4 19. Bc1 R4f7 20. Qe4 Qxe4 21.
Nxe4 Bf5 22. Ng3 Bd3 23. Rd1 e4 24. Be3 Bf6 25. Rxd3 exd3 26. Rd1 Bh4 27. Ne4
Re7 28. f3 b5 29. Rxd3 bxc4 30. bxc4 Rb8 31. Rb3 Ree8 32. g3 Rxb3 33. axb3 Bxg3
34. Nxg3 Rxe3 0-1

[Event "C.to Provinciale TE"]
[Site "Teramo ITA"]
[Date "2010.01.24"]
[Round "3"]
[White "Procaccini, Luciano"]
[Black "Di Martino, Antonio"]
[Result "1-0"]
[WhiteElo "1637"]
[BlackElo "1886"]
[PlyCount "95"]
[EventDate "2010.01.23"]

1. Nf3 d5 2. b3 Nf6 3. Bb2 e6 4. e3 c5 5. d4 Nc6 6. Be2 Be7 7. O-O O-O 8. Nbd2
Bd7 9. Ne5 cxd4 10. exd4 Rc8 11. Ndf3 Ne4 12. Nxd7 Qxd7 13. Ne5 Qc7 14. Bd3 Nb4
15. Bxe4 dxe4 16. c3 Nc6 17. Nxc6 Qxc6 18. Qd2 f5 19. f3 exf3 20. Rxf3 Rf6 21.
c4 Rg6 22. Rd1 Rd8 23. Rd3 Re8 24. Qf2 Qc7 25. Bc1 Bd6 26. Rh3 b6 27. Qh4 h6
28. Rf3 Qc6 29. Qf2 Qc7 30. Bf4 Rg4 31. Bxd6 Qxd6 32. g3 Rd8 33. d5 f4 34. Rxf4
Qxf4 35. Qxf4 Rxf4 36. gxf4 exd5 37. Rxd5 Rxd5 38. cxd5 Kf7 39. Kf2 Ke7 40. Ke3
Kd6 41. Ke4 g6 42. h4 a6 43. a3 a5 44. b4 a4 45. Kd4 Kd7 46. Ke5 Ke7 47. d6+
Kd7 48. Kd5 1-0

[Event "C.to Provinciale TE"]
[Site "Teramo ITA"]
[Date "2010.01.24"]
[Round "3"]
[White "Sbraccia, Giovanni"]
[Black "Pescatore, Lorenzo"]
[Result "1/2-1/2"]
[WhiteElo "2083"]
[BlackElo "1917"]
[PlyCount "145"]
[EventDate "2010.01.23"]

1. d4 Nf6 2. Nf3 e6 3. Bf4 c5 4. e3 d5 5. Bd3 Bd6 6. Bxd6 Qxd6 7. c3 Nc6 8. O-O
O-O 9. Nbd2 e5 10. dxe5 Nxe5 11. Nxe5 Qxe5 12. h3 Bf5 13. Nf3 Qe6 14. Qc2 Bxd3
15. Qxd3 a6 16. a4 Qe4 17. Rfd1 Rad8 18. a5 Qxd3 19. Rxd3 Rd6 20. b4 c4 21. Rd2
Rfd8 22. Rad1 Kf8 23. Nd4 g6 24. f3 Ke7 25. Kf2 Nd7 26. e4 Ne5 27. Re2 Kf6 28.
f4 Nd3+ 29. Kg3 dxe4 30. Rxe4 Kg7 31. f5 R8d7 32. Rf1 h5 33. fxg6 fxg6 34. Ne6+
Kh6 35. Rf8 Re7 36. Rh8+ Rh7 37. Rxh7+ Kxh7 38. Ng5+ Kg8 39. Rxc4 Ne5 40. Rc8+
Kg7 41. Rc7+ Rd7 42. Rxd7+ Nxd7 43. Kf4 Kf6 44. h4 b6 45. Ne4+ Ke6 46. axb6
Nxb6 47. Nc5+ Kf6 48. Ke4 g5 49. g3 gxh4 50. gxh4 Nc4 51. Nxa6 Nd6+ 52. Kf4 Nf5
53. b5 Nxh4 54. b6 Ng6+ 55. Kg3 Ne5 56. b7 Nd7 57. Nc5 Nb8 58. Kf4 Ke7 59. Kg5
Kd6 60. Ne4+ Kc6 61. Kxh5 Kxb7 62. Kg5 Kc6 63. Kf4 Kd5 64. Ke3 Kc4 65. Kd2 Nc6
66. Nd6+ Kd5 67. Nb5 Kc4 68. Nd6+ Kd5 69. Nf5 Na7 70. Kd3 Nb5 71. c4+ Kc5 72.
Ng7 Na3 73. Ne6+ 1/2-1/2

[Event "C.to Provinciale TE"]
[Site "Teramo ITA"]
[Date "2010.01.24"]
[Round "3"]
[White "Viviani, Alessio"]
[Black "Lauria, Amilcare"]
[Result "1/2-1/2"]
[WhiteElo "1899"]
[BlackElo "2131"]
[PlyCount "97"]
[EventDate "2010.01.23"]

1. d4 g6 2. c4 Bg7 3. Nf3 d6 4. Nc3 Nf6 5. g3 c6 6. Bg2 O-O 7. O-O Na6 8. e4 c5
9. d5 Nc7 10. h3 Rb8 11. a4 a6 12. Re1 b5 13. e5 Nfe8 14. b3 bxc4 15. bxc4 dxe5
16. Nxe5 Bxe5 17. Rxe5 f6 18. Re1 Nd6 19. Be3 Nxc4 20. Bxc5 Nd6 21. Ra2 Nce8
22. Rae2 Rf7 23. g4 f5 24. Qd2 fxg4 25. Ne4 Nxe4 26. Rxe4 Nd6 27. Bxd6 Qxd6 28.
hxg4 Bd7 29. Qe3 Re8 30. a5 h5 31. gxh5 gxh5 32. Qg5+ Rg7 33. Qxh5 Rh7 34. Qe5
Qxe5 35. Rxe5 Kf7 36. Bf3 Rg8+ 37. Kf1 Bb5+ 38. R1e2 Bxe2+ 39. Kxe2 Rh6 40.
Rf5+ Ke8 41. Rf4 Rg1 42. Rb4 Ra1 43. Bg4 Rxa5 44. Be6 Rxe6+ 45. dxe6 Re5+ 46.
Kd3 Rxe6 47. f4 Kf7 48. Ra4 Kf6 49. Ra5 1/2-1/2